| 000 | 00382nam a2200121Ia 4500 | ||
|---|---|---|---|
| 008 | 220204s9999 xx 000 0 und d | ||
| 082 |
_a532 _bMUL |
||
| 245 | 0 | _aRecent developments in theoretical and experimental fluid mechanisms: Compressible and incompressible flows | |
| 260 |
_aNew York _bSpringer Verlag _c1979 |
||
| 650 | _aFluid mechanics | ||
| 700 | _aMuller, U | ||
| 942 | _cBK | ||
| 999 |
_c31923 _d31923 |
||